[Careta] Gènius : [PlayMe] [PlayMe]
Descripción Física:
1 careta de cartolina ; col. ; 30 x 21 cm
Idioma:
Catalán
MARC
| LEADER | 00000nrm a22000007a 4500 | ||
|---|---|---|---|
| 001 | 26389 | ||
| 003 | Arxiu | ||
| 005 | 20260324181138.0 | ||
| 008 | 220802b spa||||| |||| 00| 0 cat d | ||
| 040 | |a agdb |b cat | ||
| 110 | 1 | |9 52650 |a Barcelona (Catalunya : Província). |b Xarxa de Biblioteques Municipals | |
| 245 | |a [Careta] Gènius : |b [PlayMe] | ||
| 260 | |a [Barcelona : |b Diputació de Barcelona ; |c 2017?] | ||
| 300 | |a 1 careta de cartolina ; |b col. ; |c 30 x 21 cm | ||
| 650 | 0 | |2 Arxiu |9 49216 |a Biblioteques públiques | |
| 650 | 0 | |9 54098 |a Objectes publicitaris | |
| 942 | |2 udc |c ARXIU |n 1 | ||
| 952 | |0 0 |1 0 |2 udc |4 0 |6 NBM1469 |7 1 |9 63308 |a Arxiu |b Arxiu |d 2022-08-02 |l 0 |o NBM-14-69 |p 26389 |r 2022-08-02 00:00:00 |w 2022-08-02 |y ARXIU | ||
| 999 | |c 82543 |d 82543 | ||